000 01208nam0a22003491 4500
001 v19\rc\2040781
005 20251118181609.2
035 _a(NLR Aleph) 005118266
090 _a7566616
_c7566616
100 _a20080925d1917 u y0rusy50 ca
101 0 _arus
102 _aRU
105 _aa z |||a|
200 1 _aСказка о Гришке Распутном, глупых министрах и Дворе высочайшем
_e[В стихах]
_fО. Томский
_gРис. Н. Багнюка
210 _aПетроград
_cтип. газ. "Петрогр. листок"
_d1917
215 _a30 с.
_cил.
_d24
225 1 _aБиблиотека "Свободная сатира"
_v№ 1
300 _aНа обл. авт. не указан
700 1 _aТомский
_bО.
702 1 _aБагнюк
_bН.
_4440
702 1 _aРаспутин
_bГ.
_gГригорий
_4570
801 0 _aRU
_bNLR
_gpsbo
801 0 _aRU
_bRuMoRGB
_2psbo
801 1 _aRU
_bProSoft-M
_2rusmarc
852 _aNLR
_jЛ30/В-8/45
899 _aRuMoRGB
_j810-89/303-2
899 _aRuMoRGB
_jW 509/361
899 _aRuMoRGB
_jМК
899 _aRuMoRGB
_jW 82/698
899 _aГПИБ
942 _cBOOK
980 _aNB